Southville International School and Colleges
Your cart is empty.
  • Cart
  • Lists
    Public lists Eva Luna New books Lux_list list_1
    Your lists Log in to create your own lists
  • Log in to your account
  • Your cookies
  • Search history
Southville International School and Colleges
  • Advanced search
  • Recent comments
  • Most popular
  • Libraries

Log in to your account

Log in with GOOGLE


If you do not have an external account, but do have a local account, you can still log in:

  1. Home
  2. MARC view: Absolute power /
Normal view MARC view ISBD view

Absolute power / (Record no. 10867)

[ view plain ]
MARC details
000 -LEADER
fixed length control field 00600nam a22002057a 4500
003 - CONTROL NUMBER IDENTIFIER
control field LC
005 - DATE AND TIME OF LATEST TRANSACTION
control field 20160301144912.0
008 - FIXED-LENGTH DATA ELEMENTS--GENERAL INFORMATION
fixed length control field 130911t xxu||||| |||| 00| 0 eng d
020 ## - INTERNATIONAL STANDARD BOOK NUMBER
International Standard Book Number 9780446519960
050 ## - LIBRARY OF CONGRESS CALL NUMBER
Classification number PS 3552
Item number .D249E93 1996
082 ## - DEWEY DECIMAL CLASSIFICATION NUMBER
Classification number FIC
Item number B19a 1996
100 ## - MAIN ENTRY--PERSONAL NAME
Personal name David, Baldacci
9 (RLIN) 17993
245 ## - TITLE STATEMENT
Title Absolute power /
Statement of responsibility, etc David Baldacci.
260 ## - PUBLICATION, DISTRIBUTION, ETC. (IMPRINT)
Place of publication, distribution, etc New York :
Name of publisher, distributor, etc Warner Books, Inc,
Date of publication, distribution, etc 1996.
300 ## - PHYSICAL DESCRIPTION
Extent 469 p.,
Dimensions 23.5 cm.
650 ## - SUBJECT ADDED ENTRY--TOPICAL TERM
Topical term or geographic name as entry element Presidents--United States
General subdivision Fiction
9 (RLIN) 17994
650 ## - SUBJECT ADDED ENTRY--TOPICAL TERM
Topical term or geographic name as entry element Murder
General subdivision United States
Geographic subdivision Fiction
9 (RLIN) 17995
942 ## - ADDED ENTRY ELEMENTS (KOHA)
Source of classification or shelving scheme Library of Congress Classification
Koha item type Books
Holdings
Withdrawn status Lost status Source of classification or shelving scheme Damaged status Home library Current library Shelving location Date acquired Total Checkouts Total Renewals Full call number Barcode Date last seen Date checked out Copy number Price effective from Koha item type
    Library of Congress Classification   Luxembourg Library Luxembourg Library Fiction Section 09/11/2013 2 1 PS 3552 .D249E93 1996 7033 09/30/2016 09/29/2016 1 09/11/2013 Books

Absolute power /

APA

David B., . (1996). Absolute power. New York: Warner Books, Inc.

Chicago

David Baldacci, . 1996. Absolute power. New York: Warner Books, Inc.

Harvard

David B., . (1996). Absolute power. New York: Warner Books, Inc.

MLA

David Baldacci, . Absolute power. New York: Warner Books, Inc. 1996.

  • Place hold
  • Print
  • Cite
  • Add to your cart (remove)
  • Save record
    BIBTEX Dublin Core MARCXML MARC (non-Unicode/MARC-8) MARC (Unicode/UTF-8) MARC (Unicode/UTF-8, Standard) MODS (XML) RIS
  • More searches
    Search for this title in:
    Other Libraries (WorldCat) Other Databases (Google Scholar) Online Stores (Bookfinder.com) Open Library (openlibrary.org)

Exporting to Dublin Core...

SOUTHVILLE LIBRARY

Southville International School and Colleges Library

1281 Tropical Ave. Cor. Luxembourg St., BF Homes International, Las Pinas City

Tel. No. 8256374 / 252358 Loc. 117/146

Powered by Koha